| 000 | 00347 a2200133 4500 | ||
|---|---|---|---|
| 001 | 54458 | ||
| 082 | _a516.3 SEG | ||
| 090 |
_c33899 _d33899 |
||
| 100 | _aSeggern, David H. Von | ||
| 245 | _aCRC standard curves and surfaces with mathematica, 2nd ed | ||
| 250 | _a2 | ||
| 260 |
_aBoca Raton/ London _btaylor & francis _c2007 |
||
| 505 | _aCD/DVD | ||
| 942 |
_aNUST-CAE _k516.3 SEG |
||
| 999 |
_c289531 _d289531 |
||